000 00729 a2200229 4500
003 MN-UlNLM
005 20230323101519.0
008 a130s1978 mp ||||| |||| 00|mon d
040 _aМонгол Улсын Үндэсний номын сан
041 _amon
084 _a02
_210-t
_bС 661.5
_q9
245 0 _aИ.В. Сталины нэрэмжит улсын нийтийн номын сангийн дүрэм
250 _a1
260 1 _c1978
_aУБ
_bУХГ
300 _a10х
546 _aMongolia
653 _aЛавлах хэвлэл
740 _aНомын сангийн дүрэм.
_aНомын сангийн зохион байгуулалт.
856 _aprintbook
942 _cBK
999 _c56034
_d56034